000 00862nam a2200217Ia 4500
003 IN-BaIIA
008 211028s9999 xx 000 0 eng d
020 _a90-277-2545-4
040 _cIIA Library
080 _a524.6(082.1)
_bTHE
111 _aNATO Advanced Study Institute Workshop on the Galaxy
_cCambridge, UK
_d1986 Aug. 4-15
_915525
245 4 _aThe galaxy
_bproceedings of NATO advanced study institute workshop on the galaxy, held in Cambridge, UK, 4-15 August 1986
_cedited by Gerry Gilmore and Bob Carswell
260 _aDordrecht
_bD. Reidel Publishing
_c1987
300 _axiii, 435p.
490 _aNATO ASI series. Series C : mathematical and physical scienc
650 _aAstronomy and astrophysics thesaurus
650 _aGalaxy
_93368
700 _aCarswell, Bob ed.
_915526
700 _aGilmore, Gerry ed.
_915527
942 _cBK
999 _c9242
_d9242